书目信息 |
| 题名: |
行走新教育
|
|
| 作者: | 朱永新 , 张菊荣 著 | |
| 分册: | ||
| 出版信息: | 成都 四川教育出版社 2005 |
|
| 页数: | 285页 | |
| 开本: | 21cm | |
| 丛书名: | 教育在线文库 | |
| 单 册: | ||
| 中图分类: | G52-53 | |
| 科图分类: | ||
| 主题词: | 教育工作 , 教育工作--中国--现代--文集 | |
| 电子资源: | ||
| ISBN: | 7-5408-3999-6 | |
| 000 | 01234nam0 2200361 450 | |
| 000 | 01197nam0 2200349 450 | |
| 000 | 01195nam0 2200361 450 | |
| 000 | 01141nam0 2200337 450 | |
| 000 | 01170nam0 2200325 450 | |
| 000 | 01133nam0 2200313 45 | |
| 001 | TS2006029067 | |
| 005 | 20061210163530.09 | |
| 010 | @a7-5408-3999-6@dCNY19.00 | |
| 100 | @a20060829d2005 em y0chiy0110 ea | |
| 101 | 0 | @achi |
| 102 | @aCN@b510000 | |
| 105 | @ay z 000yy | |
| 200 | 1 | @a行走新教育@AXing Zou Xin Jiao Yu@f朱永新, 张菊荣著@FZhu Yong Xin , Zhang Ju Rong Zhu |
| 210 | @a成都@c四川教育出版社@d2005 | |
| 215 | @a285页@d21cm | |
| 225 | 2 | @a教育在线文库@i教育随笔系列 |
| 330 | @a本文集收录《呼唤上天入地的教育科研》、《高品质的行动》、《班主任随想录》、《漫说新生代教师》等。 | |
| 410 | 0 | @12001 @a教育在线文库 |
| 410 | 0 | @12001 @a教育随笔系列 |
| 606 | 0 | @a教育工作 |
| 606 | 0 | @a教育工作@y中国@z现代@x文集 |
| 690 | @aG52-53@v4 | |
| 701 | 0 | @a朱永新@AZhu Yong Xin@f(1958~)@4著 |
| 701 | 0 | @a张菊荣@AZhang Ju Rong@f(1968~)@4著 |
| 801 | 0 | @aCN@b中图数据@c20061210 |
| 905 | @a10447@dG52-53@e107 | |
| 行走新教育/朱永新, 张菊荣著.-成都:四川教育出版社,2005 |
| 285页;21cm.-(教育在线文库.教育随笔系列) |
| ISBN 7-5408-3999-6:CNY19.00 |
| 本文集收录《呼唤上天入地的教育科研》、《高品质的行动》、《班主任随想录》、《漫说新生代教师》等。 |
| ● |
| 相关链接 |
|
|
|
|
正题名:行走新教育
索取号:G52-53/107
 
预约/预借
| 序号 | 登录号 | 条形码 | 馆藏地/架位号 | 状态 | 备注 |
| 1 | 0600500 | 206005008 | 第一样本阅览室/ [索取号:G52-53/107] | 在馆 | |
| 2 | 0600501 | 206005017 | 第四借阅区/ [索取号:G52-53/107] | 在馆 | |
| 3 | 0600502 | 206005026 | 密集书库/ [索取号:G52-53/107] | 在馆 | |
| 4 | 0600503 | 206005035 | 第四借阅区/ [索取号:G52-53/107] | 在馆 | |
| 5 | 0600504 | 206005044 | 密集书库/ [索取号:G52-53/107] | 在馆 | |
| 6 | 0600505 | 206005053 | 第四借阅区/ [索取号:G52-53/107] | 在馆 |